Management Information Systems: Management the Digital Firm. (Record no. 3782)

MARC details
005 - DATE AND TIME OF LATEST TRANSACTION
control field 20250611170020.0
020 ## - INTERNATIONAL STANDARD BOOK NUMBER
International Standard Book Number 978-1-292-40328-1
082 ## - DEWEY DECIMAL CLASSIFICATION NUMBER
Classification number 658.403 LAU
100 ## - MAIN ENTRY--PERSONAL NAME
Author name LAUDON, K. C.
245 ## - TITLE STATEMENT
Title Management Information Systems: Management the Digital Firm.
250 ## - EDITION STATEMENT
Edition statement 17th Ed
260 ## - PUBLICATION, DISTRIBUTION, ETC.
Place of publication, distribution, etc. London,
Name of publisher, distributor, etc. Pearson,
Date of publication, distribution, etc. 2022.
300 ## - PHYSICAL DESCRIPTION
Extent 648p.: ill.; figure, picture, table
Other physical details Glossary & Index
Dimensions 27cm
700 ## - ADDED ENTRY--PERSONAL NAME
Other authors/Editors LAUDON, J. P.
942 ## - ADDED ENTRY ELEMENTS (KOHA)
Source of classification or shelving scheme Dewey Decimal Classification
Koha item type Books
Holdings
Date last seen Total checkouts Full call number Barcode Cost, replacement price Price effective from Koha item type Lost status Source of classification or shelving scheme Damaged status Not for loan Withdrawn status Home library Current library Shelving location Date acquired Cost, normal purchase price
06/11/2025   658.403 LAU 00000012616 534279.00 06/11/2025 Books   Dewey Decimal Classification       College of Business Education Main Library College of Business Education Main Library General Collection 09/17/2024 178093.00
06/11/2025   658.403 LAU 00000012617 534279.00 06/11/2025 Books   Dewey Decimal Classification       College of Business Education Main Library College of Business Education Main Library General Collection 09/17/2024 178093.00
06/11/2025   658.403 LAU 00000012618 534279.00 06/11/2025 Books   Dewey Decimal Classification       College of Business Education Main Library College of Business Education Main Library General Collection 09/17/2024 178093.00
06/11/2025   658.403 LAU 00000012619 534279.00 06/11/2025 Books   Dewey Decimal Classification       College of Business Education Main Library College of Business Education Main Library General Collection 09/17/2024 178093.00
06/11/2025   658.403 LAU 00000012620 534279.00 06/11/2025 Books   Dewey Decimal Classification       College of Business Education Main Library College of Business Education Main Library Special Reserve Collection 09/17/2024 178093.00